000 01201cam a2200349 i 4500
001 20705
003 CO-MdFUSB
005 20161126083659.0
008 161101t1996 xxu||||f |||| 00| 0 eng d
020 _a0-8006-2889-6
040 _aCO-MdFUSB
_bEspañol
_cCO-MdFUSB
_dCO-MdFUSB
_erda
041 _aeng
082 _224
_a220.66
_bOL44c
100 1 _aOverholt, Thomas
_eautor
245 0 0 _aCultural anthropology and the Old Testament
_c / Thomas Overholt
_b:
264 1 _aMinneapolis, Minnesota :
_bFortress Press,
_c℗1996
264 4 _c©1996
_a :
_b,
300 _a116 páginas
_b:
_c;
336 _2rdacontent
_a1
_ba1
337 _2rdamedia
_a2
_b5
338 _2rdacarrier
_a2
_b5
490 _aGuides to Biblical Scholarship
501 _aRústico
504 _aIncluye índices (páginas: 111-116)
505 0 0 _aAntropología cultural y el Antiguo Testamento - Interpretación de Elías y Eliseo - Vistas antropológicas de los roles sociales y las instituciones de Israel
630 7 _aBiblia.
_pAntiguo Testamento
_xCultura
650 0 _94
_aAntropología
653 _aCultural anthropology
653 _aAntropología cultural
942 _cREF
999 _c47056
_d47056